[Event "12th ECC Women"]
[Site "Kemer TUR"]
[Date "2007.10.06"]
[Round "4"]
[White "Zhu Chen"]
[Black "Dzagnidze,N"]
[Result "0-1"]
[WhiteElo "2531"]
[BlackElo "2416"]

1.e4 c5 2.Nf3 d6 3.Bb5+ Nc6 4.O-O Bd7 5.Re1 Nf6 6.c3 a6 7.Bf1 Bg4 8.h3 Bh5
9.d4 cxd4 10.cxd4 e5 11.g4 Bg6 12.d5 Nb8 13.g5 Nfd7 14.Nh4 Be7 15.Qg4 O-O
16.Nc3 Qe8 17.Nxg6 hxg6 18.Be3 f5 19.Qg2 Bd8 20.a4 Bb6 21.Bxb6 Nxb6 22.a5 Nc8
23.f3 Nd7 24.b4 Na7 25.Rac1 Qd8 26.Kh1 b6 27.Ra1 bxa5 28.Rxa5 Rc8 29.Na4 fxe4
30.Rxe4 Rc1 31.Rxa6 Nb5 32.Rc4 Re1 33.Nb2 Nb6 34.Re4 Rb1 35.Nd3 Nxd5 36.Re1 Rxe1
37.Nxe1 Nbc3 38.Bc4 Kh7 39.Ra3 Rf4 40.Bxd5 Nxd5 41.b5 Rb4 42.Nd3 Rb1+ 43.Kh2 Ne3
44.Qa2 Qxg5  0-1

[Event "12th ECC Women"]
[Site "Kemer TUR"]
[Date "2007.10.08"]
[Round "6"]
[White "Xu Yuhua"]
[Black "Korbut,E"]
[Result "1/2-1/2"]
[WhiteElo "2517"]
[BlackElo "2443"]

1.e4 c5 2.Nf3 d6 3.Bb5+ Nc6 4.O-O Bd7 5.Re1 Nf6 6.c3 a6 7.Ba4 b5 8.Bc2 Bg4
9.d3 e6 10.Nbd2 Be7 11.h3 Bh5 12.Nf1 Nd7 13.Ng3 Bg6 14.d4 O-O 15.Bf4 cxd4
16.cxd4 d5 17.Rc1 Nb4 18.Bb3 Nf6 19.Bc7 Qe8 20.Ne5 dxe4 21.Nxg6 hxg6 22.Nxe4 Nxe4
23.Rxe4 Qd7 24.Ba5 Nd5 25.Re5 Rac8 26.Bxd5 exd5 27.Re2 Bf6 28.Rxc8 Rxc8 29.Bb6 Rc4
30.b3 Rc3 31.Bc5 Qf5 32.Bb4 Rd3 33.Rd2 Rxd2 34.Qxd2 Qe4 35.Bc5 Bd8 36.f3 Qb1+
37.Kf2 Bc7 38.Be7 Bh2 39.Ke2 Bg3 40.Bg5 Qg1 41.Kd3 Bf2 42.Be3 Qf1+ 43.Qe2 Qb1+
44.Kc3 Be1+ 45.Bd2 Bxd2+ 46.Qxd2 a5 47.Qc2 b4+ 48.Kd3 Qf1+ 49.Ke3 Qe1+ 50.Kd3 Kh7
51.Qd2 Qg1 52.Qe2 f5 53.Qd2 f4 54.Qxf4 Qf1+ 55.Kc2 Qxg2+ 56.Kb1 Qxh3 57.Kb2 Qh6
58.Qg4 Qh2+ 59.Ka1 Kh6 60.Kb1 Qh5 61.Qf4+ g5 62.Qf8 Qh1+ 63.Kc2 Qg2+ 64.Kd3 Qf1+
65.Kd2 Qf2+ 66.Kd3 Qf1+ 67.Kd2 Qf2+ 68.Kd3  1/2-1/2

[Event "WJun"]
[Site "Yerevan ARM"]
[Date "2007.10.08"]
[Round "6"]
[White "Vlashki,N"]
[Black "Gupta,Ab"]
[Result "0-1"]
[WhiteElo "2077"]
[BlackElo "2470"]

1.e4 c5 2.Nf3 d6 3.Bb5+ Nd7 4.c3 Nf6 5.Qe2 a6 6.Ba4 b5 7.Bc2 Bb7 8.O-O e6
9.d4 Be7 10.Nbd2 Rc8 11.Bd3 Qb6 12.b3 O-O 13.Re1 Rfd8 14.Bb2 Bf8 15.a4 cxd4
16.cxd4 g6 17.axb5 axb5 18.Qf1 Bc6 19.Rec1 Bh6 20.Bc3 Ra8 21.Qe2 Qb7 22.Bb4 Nb8
23.Rxa8 Qxa8 24.Bc3 Nxe4 25.Nxe4 Bxc1 26.Nf6+ Kf8 27.Nxh7+ Ke7 28.d5 Bxd5
29.Bf6+ Kd7 30.Bxb5+ Nc6 31.Bxd8 Kxd8 32.Qd1 Bb2 33.h4 Qa1 34.Qxa1 Bxa1 35.Nhg5 Ke7
36.Bc4 Bxc4 37.bxc4 f5 38.Kf1 Na5 39.Nd2 Bc3 40.Ke2 Bxd2 41.Kxd2 Nxc4+ 42.Ke2 e5
43.g3 d5 44.f3 Nd6 45.Kd3 Nf7 46.Nh3 Ke6 47.Nf2 Nd8 48.Nh3 Nf7 49.Nf2 Kd6
50.Ke3 Nd8 51.Nd3 Nc6 52.g4 Nd4 53.Ne1 f4+ 54.Kd2 Ke6 55.Kc3 Kf6 56.Kd2 e4
57.fxe4 dxe4 58.Ng2 g5 59.h5 Nf3+ 60.Kc3 Nh4  0-1

[Event "WJun"]
[Site "Yerevan ARM"]
[Date "2007.10.08"]
[Round "6"]
[White "Arngrimsson,D"]
[Black "Margvelashvili,G"]
[Result "1/2-1/2"]
[WhiteElo "2323"]
[BlackElo "2451"]

1.e4 c5 2.Nf3 d6 3.Bb5+ Nc6 4.c3 Nf6 5.O-O Bd7 6.Re1 a6 7.Ba4 b5 8.Bc2 Bg4
9.h3 Bxf3 10.Qxf3 g6 11.a4 Rb8 12.Na3 Bg7 13.axb5 axb5 14.Nxb5 O-O 15.Na3 Nd7
16.Nc4 Qc7 17.d3 Rb7 18.Qg3 Rfb8 19.Ba4 Ra7 20.Bd2 Nb6 21.Nxb6 Rxb6 22.Bxc6 Rxa1
23.Rxa1 Qxc6 24.Bc1 Qb7 25.Qg5 Bf6 26.Qd5 Qxd5 27.exd5 g5 28.Kf1 Kg7 29.Ke2 Kg6
30.g4 Rb8 31.Ra4 h5 32.Kf3  1/2-1/2

[Event "WJun Girls"]
[Site "Yerevan ARM"]
[Date "2007.10.09"]
[Round "7"]
[White "Bayat,S"]
[Black "Bokuchava,M"]
[Result "0-1"]
[WhiteElo "2076"]
[BlackElo "2130"]

1.e4 c5 2.Nf3 d6 3.Bb5+ Bd7 4.Bxd7+ Nxd7 5.O-O Ngf6 6.Qe2 e6 7.b3 Be7 8.Bb2 O-O
9.c4 Re8 10.d4 cxd4 11.Nxd4 Qb6 12.Nc2 Nc5 13.Nc3 a6 14.Rad1 Rad8 15.Kh1 Bf8
16.Qf3 Qc7 17.Ne3 Qc6 18.Rd4 e5 19.Rdd1 Ncxe4 20.Ned5 Nxc3 21.Bxc3 Nxd5 22.Rxd5 Re6
23.Rfd1 Rc8 24.Qd3 Qb6 25.Qd2 Rf6 26.Kg1 Rc5 27.Qe1 Rxd5 28.Rxd5 Qc6 29.Qd2 b6
30.h3 Re6 31.Qd3 Be7 32.Bb4 h6 33.Ba3 e4 34.Qd1 b5 35.Rd4 Qb6 36.cxb5 axb5
37.Rd5 e3 38.fxe3 Qxe3+ 39.Kh2 Qf4+ 40.Kg1 Bh4 41.Bxd6 Qf2+ 42.Kh2 Re2 43.Qg1 Qf3
44.Rxb5 Qc6 45.Rb8+ Kh7 46.Bf4 Qe4 47.Bd6 Bf2 48.Qf1 Qd3 49.Bc7 Qc2 50.Bd6 Re1
51.Qc4 Rh1+ 52.Kxh1 Qd1+  0-1

[Event "WJun"]
[Site "Yerevan ARM"]
[Date "2007.10.11"]
[Round "8"]
[White "Meier,Geo"]
[Black "Gopal,G"]
[Result "1-0"]
[WhiteElo "2558"]
[BlackElo "2520"]

1.e4 c5 2.Nf3 d6 3.Bb5+ Nc6 4.O-O Bd7 5.Re1 Nf6 6.c3 a6 7.Bf1 Bg4 8.d3 e6
9.h3 Bh5 10.g4 Bg6 11.Nh4 Qc7 12.f4 O-O-O 13.Nd2 d5 14.e5 Nd7 15.Ndf3 Be7
16.Qe2 Kb8 17.Bd2 Rde8 18.Qg2 f6 19.exf6 Bxf6 20.g5 Bd8 21.Nxg6 hxg6 22.Re2 Qd6
23.Rae1 Bc7 24.Kh1 Rhf8 25.Qg3 Ka7 26.Bg2 Ne7 27.Nh4 Nf5 28.Nxf5 Rxf5 29.c4 e5
30.Qf3 Nb6 31.cxd5 Ref8 32.b4 cxb4 33.d4 e4 34.Rxe4 Nxd5 35.Re5 Rd8 36.Rxf5 gxf5
37.Re5 Ba5 38.Rxd5 Qxd5 39.Qxd5 Rxd5 40.Bxd5 b3 41.Bc1 Bd2 42.Bb2  1-0

[Event "TCh-ROU Superliga"]
[Site "Predeal ROU"]
[Date "2007.10.14"]
[Round "2"]
[White "Svetushkin,D"]
[Black "Miroshnichenko,E"]
[Result "0-1"]
[WhiteElo "2604"]
[BlackElo "2651"]

1.e4 c5 2.Nf3 d6 3.Bb5+ Bd7 4.Bxd7+ Qxd7 5.O-O Nc6 6.Qe2 Nf6 7.c3 e6 8.d4 cxd4
9.cxd4 d5 10.e5 Ne4 11.Be3 Be7 12.Ne1 f6 13.f3 Ng5 14.Nd3 O-O 15.Nd2 Nf7
16.f4 f5 17.Nf3 b6 18.h3 Rac8 19.Kh1 Nh6 20.Rg1 Nb4 21.Nxb4 Bxb4 22.g4 g6
23.Rg2 Be7 24.g5 Nf7 25.h4 Rc7 26.Rag1 Rfc8 27.a3 Bf8 28.h5 Qa4 29.Ne1 Nd8
30.Rh2 Nc6 31.Nf3 Ne7 32.Rgg2 Qc4 33.Qd1 a5 34.Rh3 b5 35.hxg6 hxg6 36.Ne1 Qf1+
37.Kh2 b4 38.axb4 axb4 39.Rg1 Qb5 40.Kg3 b3 41.Rgh1 Bg7 42.Nd3 Rc2 43.R3h2 Qc4
44.Nc5 Rxc5 45.dxc5 Nc6 46.Qf3 Qb5 47.Qf1 Qa4 48.Qh3 Kf7 49.Qh8 Rxh2 50.Qxh2 Nxe5
51.Qe2 Nc6 52.Qd2 Qe4 53.Re1 e5 54.Qe2 Qc4 55.Qxc4 dxc4 56.Re2 e4 57.Rd2 c3
58.bxc3 Bxc3 59.Rd7+ Ke8 60.Rd1 b2 61.Kf2 Nb4 62.Ke2 Nd3 63.Rb1 Kd7 64.Kd1 Kc6
65.Kc2 Bb4 66.Rh1 Bxc5 67.Bd2 Kd5 68.Rh8 e3 69.Bc3 Ke4 70.Rg8 Nxf4 71.Bxb2 Kf3
72.Re8 e2 73.Bc3 Be3 74.Bd2 Ng2  0-1

[Event "WJun"]
[Site "Yerevan ARM"]
[Date "2007.10.14"]
[Round "11"]
[White "Arngrimsson,D"]
[Black "Vovk,Y"]
[Result "0-1"]
[WhiteElo "2323"]
[BlackElo "2561"]

1.e4 c5 2.Nf3 d6 3.Bb5+ Nc6 4.d4 cxd4 5.Qxd4 Bd7 6.Bxc6 Bxc6 7.Nc3 Nf6 8.Bg5 e6
9.O-O-O Be7 10.Rhe1 O-O 11.e5 dxe5 12.Qh4 Qc7 13.Nxe5 Rfd8 14.Ng4 Rxd1+ 15.Rxd1 Nxg4
16.Bxe7 Qf4+ 17.Kb1 Qf5 18.f3 Ne3 19.Rd2 Re8 20.Qg5 Nf1 21.Rd1 Qxg5 22.Bxg5 Nxh2
23.Bf4 Nxf3 24.gxf3 Bxf3 25.Rd3 Bc6 26.b4 e5 27.Be3 a6 28.a4 f5 29.b5 axb5
30.axb5 Bg2 31.Rd7 f4 32.Bg1 g5 33.Rd2 Bf3 34.Rd7 g4 35.Kc1 g3 36.Kd2 h5
37.Nd5 Bxd5 38.Rxd5 h4  0-1

[Event "TCh-ROU Superliga"]
[Site "Predeal ROU"]
[Date "2007.10.15"]
[Round "3"]
[White "Itkis,B"]
[Black "Burnoiu,N1"]
[Result "1/2-1/2"]
[WhiteElo "2436"]
[BlackElo "2385"]

1.e4 c5 2.Nf3 d6 3.Bb5+ Bd7 4.Bxd7+ Qxd7 5.c4 Nc6 6.Nc3 g6 7.d4 cxd4 8.Nxd4 Bg7
9.Nde2 Nf6 10.f3 O-O 11.O-O a6 12.a4 Rfc8 13.Be3 Qd8 14.Rb1 Nd7 15.b3 Qa5
16.Qd2 Qb4 17.Rfd1 Rab8 18.Qc2 Qa5 19.Nd5 Qd8 20.Ndc3 Qa5 21.Kh1 Re8 22.Qd2 Qb4
23.Qc1 Qa5 24.Rd5 Qc7 25.Qa3 b6 26.Rdd1 Qb7 27.Qc1 Nc5 28.b4 Nd7 29.c5 bxc5
30.bxc5 Qc7 31.cxd6 exd6 32.Nd5 Qc8 33.Rxb8 Ndxb8 34.Bf4 Qd8 35.Bg5 f6 36.Bh6 Bxh6
37.Qxh6 Nd7 38.Qc1 Nc5 39.Qf4 Kg7 40.Ndc3 Ne5 41.Qe3 Nf7 42.Qd4 Qe7 43.Rb1 Qe5
44.Kg1 Rc8 45.Qd2 Qe8 46.a5 Rb8 47.Rb6 Qc8 48.Nd5 Nd7 49.Rxb8 Qxb8 50.h3 Nc5
51.Kh2 Qe8 52.Kg1 Qe5 53.Qd4 Nb3 54.Qxe5  1/2-1/2

[Event "TCh-ROU Superliga"]
[Site "Predeal ROU"]
[Date "2007.10.16"]
[Round "4"]
[White "Svetushkin,D"]
[Black "Kruppa,Y"]
[Result "0-1"]
[WhiteElo "2604"]
[BlackElo "2533"]

1.e4 c5 2.Nf3 d6 3.Bb5+ Bd7 4.Bxd7+ Qxd7 5.c4 Nf6 6.Nc3 g6 7.d4 cxd4 8.Nxd4 Bg7
9.f3 O-O 10.Be3 Nc6 11.O-O a6 12.a4 e6 13.Rc1 Ne5 14.Qe2 d5 15.cxd5 exd5
16.f4 Nc4 17.e5 Ng4 18.Bf2 Nxf2 19.Qxf2 f6 20.e6 Qd6 21.b3 Ne5 22.Qd2 Nc6
23.f5 Ne7 24.Nce2 Rac8 25.g4 Kh8 26.Qd3 gxf5 27.gxf5 Bh6 28.Rxc8 Rxc8 29.Rf3 Qb4
30.Kg2 Bg5 31.Rg3 Bd2 32.Qf3 Be1 33.Rg4 Qd2 34.Kh1 Qh6 35.Qf4 Qxf4 36.Rxf4 Bb4
37.Rf1 Bd6 38.Rc1 Rg8 39.Rg1 Rc8 40.Rc1 Rg8 41.Rg1 Rc8 42.Rg2  0-1

[Event "Open"]
[Site "Hoogeveen NED"]
[Date "2007.10.17"]
[Round "6"]
[White "Hedke,F"]
[Black "Otte,Mari"]
[Result "1-0"]
[WhiteElo "2323"]
[BlackElo "2155"]

1.e4 c5 2.Nf3 d6 3.Bb5+ Nd7 4.O-O Nf6 5.Qe2 a6 6.Bxd7+ Qxd7 7.Rd1 e6 8.d4 cxd4
9.Nxd4 Qc7 10.c4 Be7 11.Nc3 O-O 12.Bg5 b6 13.Rac1 Bb7 14.b3 Rad8 15.f3 Rfe8
16.Be3 Qb8 17.Qf2 Ba8 18.Nde2 Nd7 19.Qg3 b5 20.cxb5 axb5 21.Nd4 b4 22.Na4 Rc8
23.Rxc8 Rxc8 24.h3 Qb7 25.Kh1 Qa6 26.Qe1 d5 27.exd5 Bxd5 28.Nf5 Bf8 29.Qg3 Kh8
30.Nd4 Nc5 31.Nxc5 Bxc5 32.Qf2 Be7 33.Nf5 Bf8 34.Ng3 Qa8 35.Nh5 e5 36.Kg1 f6
37.Ng3 Kg8 38.Qd2 Rd8 39.Qc2  1-0

[Event "IV Veterans"]
[Site "Calvia ESP"]
[Date "2007.10.18"]
[Round "4"]
[White "Simon Padros,E"]
[Black "Ermenkov,Evgenij"]
[Result "0-1"]
[WhiteElo "2243"]
[BlackElo "2496"]

1.e4 c5 2.Nf3 d6 3.Bb5+ Nc6 4.c3 Nf6 5.Qe2 a6 6.Bxc6+ bxc6 7.h3 d5 8.e5 Nd7
9.e6 fxe6 10.d4 Qc7 11.O-O g6 12.Re1 Bg7 13.Ng5 Nf8 14.Nd2 cxd4 15.cxd4 Bxd4
16.Nb3 Bf6 17.Nf3 Nd7 18.Bh6 e5 19.Rac1 Qd6 20.g4 e4 21.Nfd2 a5 22.Nxe4 dxe4
23.Qxe4 Qd5 24.Qe3 Ne5 25.Rcd1 Nf3+ 26.Kh1 Nd4+ 27.Kg1 c5 28.Bg7 Bb7 29.f3 Nxf3+  0-1

[Event "IV Open"]
[Site "Calvia ESP"]
[Date "2007.10.18"]
[Round "4"]
[White "Ben Arzi,I"]
[Black "Martinez Martin,D"]
[Result "0-1"]
[WhiteElo "2010"]
[BlackElo "2400"]

1.e4 c5 2.Nf3 d6 3.Bb5+ Bd7 4.Bxd7+ Qxd7 5.O-O Nf6 6.e5 dxe5 7.Nxe5 Qd8 8.Qf3 Qd5
9.Qxd5 Nxd5 10.c4 Nb4 11.a3 N4c6 12.Nxc6 Nxc6 13.Nc3 e6 14.d3 Be7 15.Be3 O-O-O
16.Rfd1 Ne5 17.b4 Nxd3 18.Na4 b6 19.bxc5 Nxc5 20.Nxc5 Bxc5 21.Bxc5 bxc5 22.Rdb1 Rd4
23.Rb5 Rxc4 24.Rab1 Rd8 25.Rb8+ Kc7 26.R8b7+ Kc6 27.Rxa7 Rb8 28.Rd1 Rd4 29.Re1 Rb7
30.Ra8 Rc7 31.a4 c4 32.a5 Kb7 33.Rh8 h6 34.Rb1+ Ka6 35.g3 c3 36.Rbb8 c2  0-1

[Event "3rd Arctic Cup"]
[Site "Salekhard RUS"]
[Date "2007.10.18"]
[Round "11"]
[White "Cherniuk,M"]
[Black "Bukavshin,I"]
[Result "1/2-1/2"]
[WhiteElo "2126"]
[BlackElo "2248"]

1.e4 c5 2.Nf3 d6 3.Bb5+ Nd7 4.d4 Nf6 5.Nc3 a6 6.Bxd7+ Nxd7 7.Be3 e6 8.O-O Be7
9.a4 b6 10.Nd2 Bb7 11.d5 O-O  1/2-1/2

[Event "TCh-FIN 2007-8"]
[Site "Finland FIN"]
[Date "2007.10.20"]
[Round "3"]
[White "Kivijarvi,J"]
[Black "Tuominen,R"]
[Result "1-0"]
[WhiteElo "2238"]
[BlackElo "2293"]

1.e4 c5 2.Nf3 d6 3.Bb5+ Nc6 4.O-O Bd7 5.Re1 Nf6 6.c3 a6 7.Bf1 g6 8.h3 Bh6
9.d4 Bxc1 10.Qxc1 e5 11.dxc5 dxc5 12.Qe3 Qe7 13.a4 g5 14.Nxg5 Rg8 15.g3 O-O-O
16.b4 Nh5 17.Nf3 cxb4 18.cxb4 Nxg3 19.fxg3 Rxg3+ 20.Kh2 Rdg8 21.Qf2 Qf6 22.Qxg3 Rxg3
23.Kxg3 Qf4+ 24.Kf2 f5 25.Nd2 Nd4 26.Bd3 Bc6 27.Rac1 Kb8 28.Rc4 Bxa4 29.exf5 Bc6
30.Be4 Bb5 31.Rc5 h5 32.h4 Nxf5 33.Bxf5 Qxf5 34.Rexe5 Qg4 35.Re4 Qg6 36.Rg5 Qf7
37.Kg3 Bc6 38.Rf4 Qe8 39.Ne5 Ba4 40.Ndf3 Bc2 41.Nd4 Bd1 42.Rf7 Ka7 43.Kf4 Bg4
44.Rgg7 Bc8 45.Ndc6+ Kb6 46.Ne7 Bh3 47.Nd5+  1-0

[Event "TCh-ROU Superliga"]
[Site "Predeal ROU"]
[Date "2007.10.20"]
[Round "8"]
[White "Svetushkin,D"]
[Black "Motylev,A"]
[Result "0-1"]
[WhiteElo "2604"]
[BlackElo "2645"]

1.e4 c5 2.Nf3 d6 3.Bb5+ Bd7 4.Bxd7+ Qxd7 5.c4 Nf6 6.Nc3 g6 7.d4 cxd4 8.Nxd4 Bg7
9.f3 O-O 10.Be3 Rc8 11.b3 a6 12.a4 e6 13.Qd2 Nc6 14.O-O d5 15.cxd5 exd5 16.Nxc6 bxc6
17.e5 Ne8 18.f4 f6 19.Bc5 Nc7 20.Rae1 fxe5 21.fxe5 Ne6 22.Bd6 Nd4 23.a5 Nf5
24.Na4 Nxd6 25.Nb6 Ne4 26.Rxe4 Qa7 27.Rd4 Bxe5 28.Rxd5 Bc7 29.Rd7 Bxb6+ 30.Kh1 Rf8
31.Rf3 Rad8 32.Rxd8 Rxd8 33.Qe2 Bd4 34.g3 c5 35.h4 Qd7 36.Kh2 Qd5 37.Rf4 Qd6
38.Re4 Qd5 39.Rf4 Qd6 40.Re4 Bg7  0-1

[Event "TCh-ROU Superliga"]
[Site "Predeal ROU"]
[Date "2007.10.21"]
[Round "9"]
[White "Lupulescu,C"]
[Black "Jianu,V"]
[Result "1/2-1/2"]
[WhiteElo "2562"]
[BlackElo "2535"]

1.e4 c5 2.Nf3 d6 3.Bb5+ Nd7 4.O-O Nf6 5.Re1 a6 6.Bf1 e6 7.c3 Be7 8.d4 O-O
9.Nbd2 cxd4 10.cxd4 b6 11.b3 Bb7 12.Bb2 Rc8 13.Bd3 Rc7 14.Qe2 Qa8 15.Rac1 Rxc1
16.Rxc1 Rc8  1/2-1/2

[Event "33rd Fortis Open"]
[Site "Guernsey GCI"]
[Date "2007.10.23"]
[Round "3"]
[White "Kirby,P"]
[Black "Hillarp Persson,T"]
[Result "0-1"]
[WhiteElo "2055"]
[BlackElo "2567"]

1.e4 c5 2.Nf3 d6 3.Bb5+ Nd7 4.c3 Nf6 5.Qe2 a6 6.Ba4 Qc7 7.O-O c4 8.Bc2 e5
9.b3 b5 10.Na3 Nb6 11.Bb2 Be7 12.d4 cxd3 13.Bxd3 Bb7 14.Rac1 Nbd7 15.Nd2 Nc5
16.f3 d5 17.Rfe1 Nxd3 18.Qxd3 dxe4 19.Nxe4 Bxe4 20.fxe4 Qb6+ 21.Kf1 Ng4 22.Qg3 Qf6+
23.Ke2 Qg6 24.Kf3 Qf6+ 25.Ke2 Qe6 26.h3 Nf6 27.Qf3 O-O 28.Nc2 Bc5 29.Ba3 Bxa3
30.Nxa3 Rac8 31.Nb1 g6 32.Rcd1 Nh5 33.Kd2 a5 34.Kc2 a4 35.Rd5 axb3+ 36.axb3 b4
37.Red1 Nf4 38.Rd6 Qe7 39.c4 Ra8 40.Rd7 Qc5 41.Kc1 Ra2 42.R7d2 Rxd2 43.Rxd2 Kg7
44.g4 Qe7 45.Kd1 Ra8 46.Ke1 Ra1 47.Rd1 Qh4+ 48.Kf1 Nxh3 49.Kg2 Nf4+ 50.Kg1 Ra2
51.Rd2 Qe1+ 52.Qf1 Qe3+  0-1

[Event "USCL 2007"]
[Site "ICC INT"]
[Date "2007.10.24"]
[Round "9"]
[White "Benjamin,Joe"]
[Black "Blehm,P"]
[Result "1-0"]
[WhiteElo "2576"]
[BlackElo "2505"]

1.e4 c5 2.Nf3 d6 3.Bb5+ Nd7 4.c3 Nf6 5.Qe2 a6 6.Ba4 b5 7.Bc2 e5 8.a4 Rb8
9.d4 Be7 10.O-O O-O 11.axb5 axb5 12.Na3 c4 13.Bd2 Re8 14.Rfb1 d5 15.dxe5 Nxe4
16.e6 Ndf6 17.Bf4 Bd6 18.Bxd6 Qxd6 19.Nd4 Bxe6 20.f3 Nc5 21.Naxb5 Qb6 22.Qf2 Bd7
23.Na3 g6 24.b4 Ne6 25.Rd1 Ra8 26.Ra2 Ra6 27.Ne2 Qc7 28.Rda1 Rea8 29.Bb1 Nf4
30.Nc2 Rxa2 31.Rxa2 Re8 32.Ncd4 Nd3 33.Qg3 Qb6 34.Qg5 Kg7 35.Qd2 Bf5 36.Bxd3 Bxd3
37.Nf4 Bf5 38.g4 Bd3 39.Nxd3 cxd3 40.Qxd3 Nd7 41.Kg2 Ne5 42.Qb5 Qd8 43.Re2 Re7
44.Qa5 Qd7 45.Qc5 h5 46.g5 h4 47.h3 Re8 48.Qb5 Qc8 49.Qxd5 Qxc3 50.Rxe5 Qb2+
51.Kf1 Rc8 52.Ne2 Qxb4 53.Re4 Qb1+ 54.Kf2 Qh1 55.Qe5+  1-0

[Event "ch-Euro Blitz"]
[Site "Ajaccio FRA"]
[Date "2007.10.25"]
[Round "17"]
[White "Fressinet,L"]
[Black "Van Wely,L"]
[Result "1-0"]
[WhiteElo "2654"]
[BlackElo "2679"]

1.e4 c5 2.Nf3 d6 3.Bb5+ Qd7 4.O-O Nf6 5.Qe2 Nc6 6.Rd1 e6 7.d4 cxd4 8.Nxd4 Be7
9.c4 O-O 10.Nc3 a6 11.b3 Qc7 12.Bb2 Rd8 13.Rac1 Qa5 14.f4 Nh5 15.Kh1 Nf6
16.g3 Kf8 17.Kg2 Nd7 18.Kf3 Qa3 19.Bxa3 Ncb8 20.Rd3 Nc6 21.Bxa6 bxa6 22.Rcd1 a5
23.Kf2 Nxd4 24.e5 Bf6 25.Ne4 Be7 26.Bb2 dxe5 27.fxe5 Ke8 28.Nd6+ Bxd6 29.exd6 Nc6
30.Bc3 h5 31.Rf3 f5 32.Rdd3 Nb4 33.h3 Nc6 34.Bd2 Nb4 35.Be3 Nc6 36.Bf4 e5
37.Bxe5 Nb4 38.a3 Nc2 39.Rxf5 Nd4  1-0

[Event "ch-Euro Blitz"]
[Site "Ajaccio FRA"]
[Date "2007.10.25"]
[Round "19"]
[White "Riff,JN"]
[Black "Guliyev,N"]
[Result "1-0"]
[WhiteElo "2474"]
[BlackElo "2560"]

1.e4 c5 2.Nf3 d6 3.Bb5+ Nd7 4.O-O Nf6 5.Qe2 e6 6.b3 Be7 7.Bb2 O-O 8.d3 Ne8
9.Nbd2 Bf6 10.c3 Nc7 11.d4 cxd4 12.cxd4 Be7 13.Nc4 a6 14.Ne3 Nf6 15.Rac1 Qd7
16.Qd3 e5 17.Nc4 Nh5 18.a4 f5 19.Qe3 Nd5 20.Na5 fxe4 21.Qxe4 Nhf4 22.Rxc8 Qxc8
23.Rc1 Qg4 24.Kf1 Qxg2+ 25.Ke1 Nh3 26.Nd2 Qg1+ 27.Ke2 Rxf2+ 28.Kd3 Qxh2 29.Rc8+ Bf8
30.Bc3 Nhf4+ 31.Kc4 Nf6 32.Nxb7 N4d5 33.Qe1 Kh8 34.b4 Ng8 35.Nb1 Rf4 36.Bc6  1-0

[Event "33rd Fortis Open"]
[Site "Guernsey GCI"]
[Date "2007.10.27"]
[Round "7"]
[White "Heppell,I"]
[Black "Franklin,S"]
[Result "1-0"]
[WhiteElo "2150"]
[BlackElo "1917"]

1.e4 c5 2.Nf3 d6 3.Bb5+ Nc6 4.O-O Bd7 5.Re1 Nf6 6.c3 a6 7.Bf1 Bg4 8.d3 e6
9.h3 Bh5 10.Bf4 d5 11.Nbd2 Be7 12.Qc2 O-O 13.Ne5 Rc8 14.Be2 Nxe5 15.Bxe5 Bg6
16.Bf3 c4 17.dxc4 Nd7 18.Bh2 dxc4 19.Rad1 b5 20.Nf1 Qe8 21.b4 Nb6 22.Ne3 Qc6
23.Nf5 Rfe8 24.Nxe7+ Rxe7 25.Rd6 Qb7 26.Qd2 e5 27.Rd1 f6 28.Qe3 Rc6 29.Rd8+ Kf7
30.g4 Re8 31.Rxe8 Kxe8 32.g5 Qe7 33.h4 Rd6 34.Kg2 fxg5 35.Rxd6 Qxd6 36.Qxg5 Nd7
37.h5 Bf7 38.Qxg7 Nf6 39.Bg3 Qc6 40.Bh4 Nxh5 41.Qh8+  1-0

[Event "ETCC"]
[Site "Crete GRE"]
[Date "2007.10.28"]
[Round "1"]
[White "Rapaire,J"]
[Black "Borisek,J"]
[Result "0-1"]
[WhiteElo "1966"]
[BlackElo "2508"]

1.e4 c5 2.Nf3 d6 3.Bb5+ Nd7 4.O-O Nf6 5.Re1 a6 6.Bf1 b5 7.e5 dxe5 8.Nxe5 Bb7
9.h3 e6 10.a4 Nxe5 11.Rxe5 Bd6 12.Re1 Bc7 13.d3 O-O 14.axb5 Qd6 15.f4 axb5
16.Rxa8 Rxa8 17.Nc3 Bc6 18.Be3 e5 19.Ne2 Nd5 20.Bf2 exf4 21.c4 Ne3 22.Bxe3 fxe3
23.g3 Qf6 24.Nf4 Bxf4 25.gxf4 Qxf4 26.Qe2 Qg3+ 27.Bg2 Bxg2  0-1

[Event "ETCC w"]
[Site "Crete GRE"]
[Date "2007.10.29"]
[Round "2"]
[White "Agrest,S"]
[Black "Seps,M"]
[Result "1/2-1/2"]
[WhiteElo "2255"]
[BlackElo "2290"]

1.e4 c5 2.Nf3 d6 3.Bb5+ Nc6 4.O-O Bd7 5.Re1 Nf6 6.c3 a6 7.Bf1 Bg4 8.d3 g6
9.Nbd2 Bg7 10.h3 Bxf3 11.Nxf3 O-O 12.Bg5 Rc8 13.Qd2 Re8 14.Rad1 Qa5 15.a3 Nd7
16.Bh6 Bh8 17.g3 Nde5 18.Bg2 Nxf3+ 19.Bxf3 b5 20.Bg2 Qa4 21.Qe2 a5 22.h4 b4
23.axb4 axb4 24.Bd2 Qb3 25.Rb1 Rb8 26.Kh2 Qa2 27.e5 Nxe5 28.d4 bxc3 29.Bxc3 cxd4
30.Bxd4 Rb4 31.Rbd1 Reb8 32.Kh1 Bf6 33.Ra1 Qc4 34.Qxc4 Rxc4 35.Bc3 Nd3 36.Re2 Bxc3
37.bxc3 e6 38.Rd1 Rxc3 39.Red2 Rbb3 40.Bf1 Ne5 41.Rxd6 Rb2 42.R6d2 Rcc2 43.Rxc2 Rxc2
44.Kg1 Ng4 45.f3 Ne3 46.Rd3 Nxf1 47.Kxf1 h5 48.Rd7 Kg7 49.Ra7 Kf6 50.Rb7 Rd2
51.Ra7 e5 52.Rb7 Ke6 53.Ra7 f6 54.Ra6+ Rd6 55.Ra8 Kf5 56.Ke2 Rb6 57.Rf8 Rb2+
58.Kf1 Rb3 59.Kf2 Rb2+ 60.Kf1 Rd2 61.Rf7 Ra2 62.Rf8 Ra6 63.Kf2 e4 64.fxe4+ Kxe4
65.Re8+ Kf5 66.Re2 Kg4 67.Kg2 g5 68.hxg5 fxg5 69.Re4+ Kf5 70.Rb4 Ra2+ 71.Kg1 Re2
72.Kf1 Re4 73.Rb2 Rg4 74.Kf2 Rc4 75.Kg2 Ke4 76.Ra2 Rd4 77.Re2+ Kf5 78.Ra2 Kg4
79.Rb2 Kf5 80.Ra2 Rd5 81.Rb2 Rd4  1/2-1/2

[Event "2nd MAIG Team Standard"]
[Site "Macau CHN"]
[Date "2007.10.29"]
[Round "3"]
[White "Hussein,HA"]
[Black "Le Quang Liem"]
[Result "0-1"]
[WhiteElo "2386"]
[BlackElo "2534"]

1.e4 c5 2.Nf3 d6 3.Bb5+ Bd7 4.Bxd7+ Qxd7 5.O-O Nc6 6.Re1 Nf6 7.c3 e6 8.d4 cxd4
9.Nxd4 Be7 10.Nd2 O-O 11.N2f3 Rfd8 12.Bg5 Rac8 13.Qe2 d5 14.Bxf6 Bxf6 15.e5 Be7
16.Rad1 Qc7 17.h4 h6 18.h5 a6 19.a3 Na5 20.g3 Nc4 21.Kg2 Re8 22.Qc2 b5 23.Qe2 Qb6
24.Nh2 a5 25.f4 b4 26.cxb4 axb4 27.a4 b3 28.Rd3 Na5 29.Kh3 Rc4 30.Red1 Bc5
31.Nhf3 Rxa4 32.g4 Rc4 33.Qg2 Kf8 34.g5 Bxd4 35.Nxd4 Rb8 36.gxh6 gxh6 37.f5 Nc6
38.Nxc6 Qxc6 39.f6 Rbb4 40.Qg7+ Ke8 41.Qg8+ Kd7 42.Qxf7+ Kc8 43.Qg8+ Kb7
44.Qg3 Qe8 45.Qg6 Qa4 46.Rg3 Rh4+ 47.Kg2 Rbc4 48.Rd2 Rhg4 49.f7 Rxg6 50.hxg6 Rf4
51.Re2 Qc4 52.Rge3 Rf5 53.Rf2 Qg4+ 54.Rg3 Qe4+ 55.Rgf3 Rg5+ 56.Kh1 Qh4+  0-1

[Event "2nd MAIG Team Standard"]
[Site "Macau CHN"]
[Date "2007.10.29"]
[Round "4"]
[White "Bancod,Ron"]
[Black "Gundavaa,B"]
[Result "0-1"]
[WhiteElo "2396"]
[BlackElo "2274"]

1.e4 c5 2.Nf3 d6 3.Bb5+ Nc6 4.O-O Bd7 5.Re1 Nf6 6.c3 a6 7.Bf1 Bg4 8.d4 cxd4
9.cxd4 d5 10.e5 Ng8 11.Nbd2 e6 12.h3 Bh5 13.Nb3 Qb6 14.g4 Bg6 15.Nh4 Be4
16.f3 Be7 17.Ng2 Bg6 18.Nf4 a5 19.Be3 a4 20.Nc1 Bg5 21.Nxd5 Bxe3+ 22.Nxe3 Nxd4
23.Kg2 Qxb2+ 24.Ne2 Nc2 25.Nxc2 Bxc2 26.Qd4 a3 27.Rac1 Ba4 28.Rc7 Ne7 29.Rec1 Qxd4
30.Nxd4 Nd5 31.Rxb7 O-O 32.Kg3 g5 33.h4 h6 34.hxg5 hxg5 35.Rc5 Rfd8 36.Bc4 Nf4
37.Nxe6 fxe6 38.Rcc7 Rd7 39.Rxd7 Bxd7 40.Rxd7 Ra5 41.Rd6 Rxe5 42.Ra6 Kf7
43.Rxa3 Kf6 44.Rb3 Re1 45.Kf2 Rc1 46.Rb4 Rc2+ 47.Ke3 Ke5 48.Rb5+ Kf6 49.Rb4 Ke5
50.Rb5+ Kf6 51.Rb4 Ke5 52.Rb5+ Kd6 53.Bf1 Nd5+ 54.Kd4 Rxa2 55.Rb8 Ra4+ 56.Bc4 e5+
57.Kd3 Nb4+ 58.Kc3 Nc6 59.Rb6 Ra3+ 60.Rb3 Ra5 61.Rb6 Kc5 62.Rb7 Nd4 63.Rc7+ Kd6
64.Rf7 Ra3+ 65.Kb4 Rxf3 66.Rg7 Nc2+ 67.Ka5 Kc5 68.Bb5 Ra3+ 69.Ba4 Nd4 70.Rc7+ Kd5
71.Rg7 Kc4 72.Rc7+ Kd3 73.Rg7 e4 74.Rxg5 e3 75.Kb4 e2 76.Re5 Ra1 77.Bb5+ Nxb5  0-1

[Event "ETCC"]
[Site "Crete GRE"]
[Date "2007.10.30"]
[Round "3"]
[White "Hammer,J"]
[Black "Thorhallsson,T"]
[Result "1-0"]
[WhiteElo "2402"]
[BlackElo "2448"]

1.e4 c5 2.Nf3 d6 3.Bb5+ Bd7 4.Bxd7+ Qxd7 5.c4 Nc6 6.O-O g6 7.d4 cxd4 8.Nxd4 Bg7
9.Be3 Nf6 10.f3 O-O 11.Nc3 Rfc8 12.b3 Qd8 13.Qd2 Nd7 14.Nde2 a6 15.Rab1 Rab8
16.a4 b6 17.Bg5 Nc5 18.f4 b5 19.axb5 axb5 20.cxb5 Na7 21.Nd5 f6 22.Bh4 e6
23.Ndc3 Nxb5 24.b4 Nxc3 25.Nxc3 Nd7 26.f5 Qe7 27.Bg3 Ne5 28.b5 Qa7+ 29.Bf2 Qa3
30.Ne2 Nc4 31.Qd4 gxf5 32.exf5 Qc5 33.fxe6 Qxd4 34.Nxd4 Nd2 35.Nf5 Nxb1 36.Rxb1 Rxb5
37.Rxb5 Rc1+ 38.Be1 Rxe1+ 39.Kf2 Rxe6 40.g4 Bf8 41.Rb7 Re5 42.Rd7 Ra5 43.Kf3 Re5
44.Kf4 Ra5 45.h4 Ra4+ 46.Kf3 Rb4 47.Ne3 Rd4 48.Nf5 Rb4 49.Ng3 Rb3+ 50.Kg2 Rb2+
51.Kf1 Rb1+ 52.Ke2 Rb2+ 53.Kd1 Rb1+ 54.Kc2 Re1 55.Kd3 Be7 56.Nf5 Kf8 57.Rb7 h5
58.gxh5 Re5 59.h6 Rxf5 60.Rb8+ Kf7 61.h7 Rh5 62.h8=Q Rxh8 63.Rxh8 Bf8 64.Ke4 d5+
65.Kf5 Kg7 66.Rh5 Bd6 67.Kg4 Be5 68.Rf5 Kg6 69.Rf3 d4 70.h5+ Kh6 71.Ra3 d3
72.Rxd3 Bb2 73.Rd8 Ba1 74.Rg8 Be5 75.Rg6+ Kh7 76.Kf5 Bc3 77.Rg4 Kh6 78.Rg6+ Kh7
79.Rg2 Kh6 80.Kg4 Be5 81.Ra2 Bd4 82.Kh4 Bc3 83.Re2 Be5 84.Rg2 Bd4 85.Rg6+ Kh7
86.Kg4 Bc3 87.Kf5 Be5 88.h6 Bd4 89.Rg4 Be5 90.Rh4 Bc3 91.Rh1 Bd4 92.Rh2 Be5
93.Rh3 Bb2 94.Rh4 Bc3 95.Rh1 Bd4 96.Kg4 Be3 97.Rf1 Kxh6 98.Rxf6+ Kg7 99.Kf5 Bd2
100.Rd6 Bc3 101.Rd7+ Kf8 102.Ke6 Bb2 103.Rf7+ Kg8 104.Ke7 Ba3+ 105.Kf6 Bb4
106.Kg6 Bc3 107.Rc7 Bb4 108.Rc8+ Bf8 109.Re8  1-0

[Event "ETCC"]
[Site "Crete GRE"]
[Date "2007.10.31"]
[Round "4"]
[White "Danielsen,Hen"]
[Black "Landenbergue,C"]
[Result "1-0"]
[WhiteElo "2491"]
[BlackElo "2452"]

1.e4 c5 2.Nf3 d6 3.Bb5+ Bd7 4.a4 Nc6 5.O-O Nf6 6.d3 e6 7.Bg5 Be7 8.Nbd2 O-O
9.c3 a6 10.Bxc6 Bxc6 11.a5 d5 12.Re1 Re8 13.e5 Nd7 14.Bxe7 Qxe7 15.d4 Bb5
16.Nb3 c4 17.Nc1 f5 18.exf6 gxf6 19.Ne2 Nf8 20.Qd2 Qf7 21.Ng3 b6 22.axb6 Reb8
23.h3 Rxb6 24.Nh2 Be8 25.Ng4 Qg7 26.Qf4 Ng6 27.Qxf6 Qxf6 28.Nxf6+ Kf7 29.Ngh5 Nf4
30.Nxf4 Kxf6 31.Re2 a5 32.g4 a4 33.Kg2 Bd7 34.Rc1 a3 35.bxa3 Rxa3 36.Kg3 h6
37.Re3 Ra2 38.Rce1 Rd2 39.Rf3 Kg7 40.Nh5+  1-0